000 00489nam a2200181Ia 4500
001 1788
005 20260306143754.0
008 260306t2024||||xx |||||||||||||| ||spa||
041 _aESP
082 _a155.4
_bN94
100 _aNúñez Cohello, Ana Lucía,
_eAUT
245 0 _aOjo con el enojo :
_bestrategias de regulación emocional para niños entre 7 y 11 años
260 _c2024
300 _a74 páginas :
_c22 cm.
650 _aGEN
654 _aCPS
942 _cLIB
_dJUS
_fJUS
_2ddc
_n
999 _c1788
_d1788